| 000 | 00666cam a2200217 4500 | ||
|---|---|---|---|
| 001 | D15651 | ||
| 008 | 090401t1978 xxu||||| |||| 00| 0 eng d | ||
| 022 | _a0141-1462 | ||
| 035 | _a(Sirsi) u24333 | ||
| 041 | _aeng | ||
| 050 | _a711.026 | ||
| 110 |
_aRoyal Institution of Chartered Surveyors _94900 |
||
| 245 | 4 | _aThe making of a planning application: a guide for practitioners prepared by the Planning and Development Division of the RICS | |
| 260 |
_bRICS _c1978 |
||
| 300 | _a5p. 30cm | ||
| 350 | _a0 | ||
| 490 |
_aRICS Planning and Development Practice Note _v3 |
||
| 710 |
_aPlanning and Development Division _9784 |
||
| 942 | _n0 | ||
| 948 | _c04/03/1997 | ||
| 999 |
_c88529 _d88529 |
||